Open Data Biblioteca Nacional de Portugal


República Portuguesa: Ministério da Cultura
Biblioteca Nacional de Portugal

Catálogo da BNP: acesso por Identificadores Unívocos
Registos Bibliográficos associados ao registo de autoridade

Etiqueta de registo: 00254nam 2200025 450
001 2279631
003 http://id.bnportugal.gov.pt/bib/catbnp/2279631
100 ## $a20260312d2026 k y0pory01030103ba
101 0# $aeng
102 ## $aPT
105 ## $ay m 000yy
106 ## $ar
200 1# $aEnsaios sobre microsseguro formal e comportamento de subpoupança$dEssays on formal microinsurance and undersaving behaviour$fAdedayo Edward Osifodunrin$gorient. José Dias Lopes$zeng
210 #9 $aLisboa$c[s.n.],$d2026
215 ## $a409 p.$d30 cm
328 #1 $aTese dout. Estudos de Desenvolvimento, ISEG - Instituto Superior de Economia e Gestão, Universidade de Lisboa, 2026
510 1# $aEssays on formal microinsurance and undersaving behaviour$zeng
675 ## $a64.031(043)$vBN$zpor$31993035
675 ## $a368.9(043)$vBN$zpor$31229365
700 #1 $aOsifodunrin,$bAdedayo Edward$31990990
702 #1 $92$aLopes,$bJosé Dias$4727$3794560
801 #0 $aPT$bBN$gRPC
966 ## $lBN$mFGMON$sS.A. 193368 V.$x1
971 ## $cabrito$d20260312
973 ## $cigoulao$d20260323
975 ## $e0$d20260422$viquintas

OpendataBNP@bnportugal.pt | Mais informação sobre acesso aos dados BNP